Statistics for Every NBA Scoring Title-Winner that has passed away

Click here to take the quiz!

General Stats

  • This quiz has been taken 28 times
  • The average score is 5 of 9

Answer Stats

YearPlayer% Correct
2005-2006, 2006-2007Kobe Bryant
100%
1959-1960, 1960-1961, 1961-1962, 1962-1963, 1963-1964, 1964-1965, 1965-1966Wilt Chamberlain
100%
1948-1949, 1949-1950, 1950-1951George Mikan
88%
1976-77Pete Maravich
58%
1951-1952, 1956-1957Paul Arizin
38%
1946-1947Joe Fulks
35%
1952-1953, 1953-1954, 1954-1955Neil Johnston
27%
1957-1958George Yardley
23%
1947-1948Max Zaslofsky
8%

Score Distribution

Percentile by Number Answered

Percent of People with Each Score

Your Score History

You have not taken this quiz